Výchova obyvateľstva k cestovnému ruchu

Vzdelávanie a tréning miestneho obyveteľstva pre cestovný ruch je veľmi dôležité. Tento proces vyžaduje spoluprácu verejného a súkromného sektora. Účasť inštitúcií je obmedzená. Môžu vykonávať aktivity v oblasti vzdelávania a tréningu na základe viaczdrojového financovania.

Guardado en:
Detalles Bibliográficos
Autor principal: Novacká, Ľudmila, 1953-
Formato: Capítulo de libro
Lenguaje:eslovaco
Materias:
Etiquetas: Agregar Etiqueta
Sin Etiquetas, Sea el primero en etiquetar este registro!

MARC

LEADER 00000nla$a2200000$$$4500
001 0067151
005 20240502071814.1
041 0 |a slo 
044 |a SK 
245 1 0 |a Výchova obyvateľstva k cestovnému ruchu  |c Ľudmila Novacká 
520 |a Vzdelávanie a tréning miestneho obyveteľstva pre cestovný ruch je veľmi dôležité. Tento proces vyžaduje spoluprácu verejného a súkromného sektora. Účasť inštitúcií je obmedzená. Môžu vykonávať aktivity v oblasti vzdelávania a tréningu na základe viaczdrojového financovania. 
610 2 0 |a ruch cestovný 
610 2 0 |a obyvateľstvo 
610 2 0 |a ponuka 
610 2 0 |a sektor súkromný 
610 2 0 |a sektor verejný 
100 1 |a Novacká, Ľudmila, 1953-